000 00490nam a2200181Ia 4500
005 20250326124725.0
008 250326s9999 xx 000 0 und d
037 _aTextbook
040 _aFMSL
_beng
_cFMSL
041 _aeng
_2eng
084 _aX:87 L98
_qFMSL
100 _aWeiss W H
245 0 _aArt and skill of managing people
_cWeiss W H
260 _aBombay
_bBombay, D B Taraporevala
_c1979
300 _a197p
942 _cTB
_hX:87 L98
999 _c1274923
_d1274923